000 00323nam a2200133Ia 4500
005 20251222144858.0
008 251222s9999||||xx |||||||||||||| ||spa||
020 _a88-7573-282-5
082 _a458/M53
100 _aMicheli, Paola
245 0 _aTest D'Ingreso di Italiano per Stranieri
264 _bBonacci
942 _cLIB
999 _c21853
_d21853